[Event "Senta op 22nd"]
[Site "Senta"]
[Date "2018.07.15"]
[Round "3"]
[White "Stojkovska, Monika"]
[Black "Dinic, Nenad"]
[Result "1-0"]
[WhiteElo "2113"]
[BlackElo "1909"]
[PlyCount "125"]
[EventDate "2018.07.14"]
[EventType "swiss"]
[EventRounds "9"]
[EventCountry "SRB"]
[SourceTitle "CBM 185 Extra"]
[Source "ChessBase"]
[SourceDate "2018.07.29"]
[SourceVersion "1"]
[SourceVersionDate "2018.07.29"]
[SourceQuality "1"]

1. e4 c5 2. Nf3 Nf6 3. e5 Nd5 4. Nc3 e6 5. Nxd5 exd5 6. d4 Nc6 7. dxc5 Bxc5 8. Qxd5 d6 9. exd6 Qb6 10. Qe4+ Be6 11. Qh4 Bxd6 12. c3 Be7 13. Qf4 Bf6 14. Bc4 Bxc4 15. Qxc4 0-0 16. 0-0 Rac8 17. Qg4 Rfe8 18. Rb1 Rcd8 19. Be3 Qa5 20. Qc4 Qf5 21. Qb3 Na5 22. Qa4 b6 23. Rbd1 Qc8 24. Bd4 Bxd4 25. Nxd4 Re5 26. b4 Nc4 27. Qc6 h6 28. Qxc8 Rxc8 29. b5 Rc7 30. Rde1 Rxe1 31. Rxe1 Na3 32. g3 Rxc3 33. Re8+ Kh7 34. Re7 Rd3 35. Nc6 Nxb5 36. a4 Nc3 37. Rxa7 f6 38. Ne7 Rd4 39. Nf5 Rxa4 40. Rxg7+ Kh8 41. Rg6 Nd5 42. Rxh6+ Kg8 43. Rh4 b5 44. Rd4 Nc3 45. Rd6 Kf7 46. Rb6 b4 47. Ne3 Na2 48. Nd5 f5 49. Kg2 Kg7 50. h4 Kh7 51. Kh3 Kg7 52. f4 Kh7 53. h5 Kg7 54. Kh4 Nc3 55. Rxb4 Rxb4 56. Nxb4 Ne4 57. Nd5 Nf2 58. Ne3 Kf6 59. h6 Kg6 60. Nxf5 Ne4 61. g4 Nf6 62. g5 Kxf5 63. gxf6 1-0

[Event "Senta op 22nd"]
[Site "Senta"]
[Date "2018.07.14"]
[Round "1"]
[White "Dinic, Nenad"]
[Black "Zegarac, Vuk"]
[Result "0-1"]
[WhiteElo "1909"]
[BlackElo "2257"]
[PlyCount "30"]
[EventDate "2018.07.14"]
[EventType "swiss"]
[EventRounds "9"]
[EventCountry "SRB"]
[SourceTitle "CBM 185 Extra"]
[Source "ChessBase"]
[SourceDate "2018.07.29"]
[SourceVersion "1"]
[SourceVersionDate "2018.07.29"]
[SourceQuality "1"]

1. e4 c5 2. Nf3 e6 3. d4 cxd4 4. Nxd4 Nf6 5. Nc3 Nc6 6. Ndb5 Bb4 7. Bf4 Nxe4 8. Nc7+ Ke7 9. Qd3 d5 10. Nxa8 Qa5 11. Be2 Nxc3 12. 0-0 Ne4 13. Nc7 Bd6 14. c3 a6 15. b4 Qxc7 0-1

[Event "Senta op 21st"]
[Site "Senta"]
[Date "2017.07.31"]
[Round "9"]
[White "Dinic, Nenad"]
[Black "Davidovic, Nikola"]
[Result "1-0"]
[WhiteElo "1879"]
[BlackElo "1777"]
[PlyCount "69"]
[EventDate "2017.07.24"]
[EventType "swiss"]
[EventRounds "9"]
[EventCountry "SRB"]
[SourceTitle "CBM 179 Extra"]
[Source "ChessBase"]
[SourceDate "2017.08.23"]
[SourceVersion "1"]
[SourceVersionDate "2017.08.23"]
[SourceQuality "1"]

1. e4 e6 2. d4 d5 3. e5 c5 4. c3 Nc6 5. Nf3 cxd4 6. cxd4 Nge7 7. Nc3 Qb6 8. Bd3 Ng6 9. 0-0 Be7 10. a3 0-0 11. h4 Nxd4 12. Nxd4 Qxd4 13. h5 Qxe5 14. hxg6 fxg6 15. Re1 Qd4 16. Be3 Qh4 17. g3 Qf6 18. Be2 b6 19. Bd4 Qf7 20. Rc1 e5 21. Nxd5 Bb7 22. Nxe7+ Qxe7 23. Bxe5 Rad8 24. Bc4+ Kh8 25. Qg4 Rd2 26. Bf4 Qc5 27. Be2 Qd5 28. Bf3 Qd4 29. Bxd2 Qxd2 30. Rcd1 Qxb2 31. Re2 Qb3 32. Re3 Bxf3 33. Qxf3 Rxf3 34. Rd8+ Qg8 35. Rxg8+ 1-0

[Event "Senta op 19th"]
[Site "Senta"]
[Date "2015.07.17"]
[Round "8"]
[White "Dinic, Nenad"]
[Black "Vilagos, Emil"]
[Result "1/2-1/2"]
[WhiteElo "1995"]
[BlackElo "1693"]
[PlyCount "52"]
[EventDate "2015.07.11"]
[EventType "swiss"]
[EventRounds "9"]
[EventCountry "SRB"]
[SourceTitle "EXT 2016"]
[Source "ChessBase"]
[SourceDate "2015.10.08"]
[SourceVersion "1"]
[SourceVersionDate "2015.10.08"]
[SourceQuality "1"]

1. e4 c5 2. Nf3 e6 3. d4 cxd4 4. Nxd4 a6 5. c4 Nc6 6. Nc3 Nf6 7. Nxc6 bxc6 8. e5 Ng8 9. Bd3 d5 10. exd6 Bxd6 11. Qf3 Qc7 12. h3 Ne7 13. 0-0 0-0 14. Re1 Bb7 15. c5 Bxc5 16. Bxh7+ Kxh7 17. Qh5+ Kg8 18. Qxc5 Rad8 19. Bg5 Rd7 20. Bxe7 Rxe7 21. Rad1 Rd8 22. Rxd8+ Qxd8 23. Rd1 Rd7 24. Rxd7 Qxd7 25. Qe3 Qc7 26. Qc5 Qd7 1/2-1/2

[Event "Senta op-B 17th"]
[Site "Senta"]
[Date "2013.07.20"]
[Round "9"]
[White "Dinic, Nenad"]
[Black "Cvetanovic, Damjan"]
[Result "1/2-1/2"]
[WhiteElo "2011"]
[BlackElo "1915"]
[PlyCount "72"]
[EventDate "2013.07.13"]
[EventType "swiss"]
[EventRounds "9"]
[EventCountry "SRB"]
[SourceTitle "EXT 2014"]
[Source "ChessBase"]
[SourceDate "2013.11.20"]
[SourceVersion "1"]
[SourceVersionDate "2013.11.20"]
[SourceQuality "1"]

1. e4 e6 2. d4 d5 3. e5 c5 4. c3 Nc6 5. Nf3 Bd7 6. Bd3 cxd4 7. cxd4 Qb6 8. Nc3 Nxd4 9. Nxd4 Qxd4 10. 0-0 a6 11. Qe2 g6 12. Kh1 Bg7 13. f4 Qb6 14. Be3 Qd8 15. Qf2 Ne7 16. Bb6 Qb8 17. Qh4 Nc6 18. Rf3 Bf8 19. Re1 Be7 20. Qh3 Bd8 21. Bf2 b5 22. Qh6 Bb6 23. Qg7 Rf8 24. Bh4 Nd4 25. Rh3 Bd8 26. Bxd8 Qxd8 27. Rxh7 Nf5 28. Bxf5 gxf5 29. Nxd5 Qa5 30. Nf6+ Ke7 31. Rd1 Rad8 32. Nxd7 Rxd7 33. Rxd7+ Kxd7 34. h3 Qe1+ 35. Kh2 Ke7 36. Qg5+ Ke8 1/2-1/2

[Event "Senta op-B 17th"]
[Site "Senta"]
[Date "2013.07.18"]
[Round "7"]
[White "Dinic, Nenad"]
[Black "Nesovanovic, Miroslav"]
[Result "1-0"]
[WhiteElo "2011"]
[BlackElo "1877"]
[PlyCount "85"]
[EventDate "2013.07.13"]
[EventType "swiss"]
[EventRounds "9"]
[EventCountry "SRB"]
[SourceTitle "EXT 2014"]
[Source "ChessBase"]
[SourceDate "2013.11.20"]
[SourceVersion "1"]
[SourceVersionDate "2013.11.20"]
[SourceQuality "1"]

1. e4 c5 2. Nf3 Nc6 3. Bb5 Nd4 4. Nxd4 cxd4 5. 0-0 a6 6. Bc4 e6 7. Re1 Ne7 8. a4 Nc6 9. d3 d6 10. f4 Qc7 11. Nd2 f6 12. Nf3 e5 13. f5 Na5 14. Bd5 Bd7 15. b4 Nc6 16. Bd2 Ne7 17. Bb3 g6 18. g4 Bg7 19. Qe2 h6 20. Rec1 Qb6 21. Rab1 Rc8 22. Kg2 d5 23. b5 a5 24. Qe1 Ra8 25. c4 dxe4 26. dxe4 Qc7 27. c5 b6 28. c6 Bc8 29. Qe2 Rf8 30. Be1 Ra7 31. Bg3 Qd8 32. Rd1 Ng8 33. Rbc1 Qe7 34. Qa2 Rf7 35. Nxd4 gxf5 36. gxf5 exd4 37. Rxd4 Bf8 38. c7 Rxc7 39. Rxc7 Qxc7 40. Bxc7 Rxc7 41. Bxg8 Rg7+ 42. Kf3 Bc5 43. Rd3 1-0

[Event "CRO-chT2 Center"]
[Site "Croatia"]
[Date "2011.10.02"]
[Round "7.16"]
[White "Dinic, Nenad"]
[Black "Kovacic, Damir"]
[Result "0-1"]
[WhiteElo "2042"]
[BlackElo "2067"]
[PlyCount "58"]
[EventDate "2011.03.20"]
[EventType "team-tourn"]
[EventRounds "11"]
[EventCountry "CRO"]
[SourceTitle "EXT 2014"]
[Source "ChessBase"]
[SourceDate "2013.11.20"]
[SourceVersion "1"]
[SourceVersionDate "2013.11.20"]
[SourceQuality "1"]

1. e4 e5 2. Nf3 Nc6 3. c3 d6 4. d4 Bg4 5. Be2 Nf6 6. h3 Bxf3 7. Bxf3 Be7 8. Be3 0-0 9. Nd2 d5 10. exd5 Nxd5 11. Bxd5 Qxd5 12. Qf3 Qb5 13. d5 Nd8 14. 0-0-0 f5 15. Nb3 a5 16. g4 f4 17. Bd2 a4 18. Na1 Ra6 19. Kc2 Qc4 20. Rhe1 Qxa2 21. Qe4 Rb6 22. Rb1 a3 23. Bc1 Nf7 24. f3 axb2 25. Rxb2 Rxb2+ 26. Bxb2 Ba3 27. Rb1 Bxb2 28. Rxb2 Qxa1 29. Rxb7 Nd6 0-1

[Event "Zagreb op-B"]
[Site "Zagreb"]
[Date "2009.03.22"]
[Round "2"]
[White "Dinic, Nenad"]
[Black "Mihalincic, Tomislav"]
[Result "0-1"]
[WhiteElo "2072"]
[BlackElo "2244"]
[PlyCount "88"]
[EventDate "2009.03.21"]
[EventType "swiss"]
[EventRounds "9"]
[EventCountry "CRO"]
[SourceTitle "CBM 129 Extra"]
[Source "ChessBase"]
[SourceDate "2009.05.05"]
[SourceVersion "2"]
[SourceVersionDate "2009.05.20"]
[SourceQuality "1"]

1. e4 e5 2. Nf3 Nc6 3. c3 Nf6 4. d4 Nxe4 5. d5 Ne7 6. Nxe5 Ng6 7. Qd4 f5 8. Nd3 Qf6 9. Qxf6 Nxf6 10. c4 d6 11. Nc3 Bd7 12. Be3 Ne5 13. b3 Kf7 14. h3 Re8 15. 0-0-0 a6 16. Bd4 g6 17. Be2 Bg7 18. f4 Nxd3+ 19. Bxd3 Rhg8 20. g3 Bh6 21. Rde1 Nh5 22. Bf2 Bg7 23. Ne2 Re7 24. Kd2 Rge8 25. Nc3 Bh6 26. Rxe7+ Rxe7 27. Ne2 c5 28. Rg1 b5 29. Be3 Nf6 30. Nc3 b4 31. Nd1 Ne4+ 32. Bxe4 Rxe4 33. Nf2 Re8 34. g4 a5 35. a4 fxg4 36. hxg4 Bg7 37. Nd1 h5 38. g5 Bf5 39. Rg2 Bg4 40. Nf2 Bc3+ 41. Kd3 Bf5+ 42. Ke2 Bc2 43. Kf3 Bxb3 44. Ne4 Bd1+ 0-1

[Event "Belgrade Trophy 20th"]
[Site "Belgrade"]
[Date "2007.11.27"]
[Round "6"]
[White "Dinic, Nenad"]
[Black "Kahrovic, Mersid"]
[Result "0-1"]
[WhiteElo "2133"]
[BlackElo "2270"]
[PlyCount "40"]
[EventDate "2007.11.22"]
[EventType "swiss"]
[EventRounds "9"]
[EventCountry "YUG"]
[SourceTitle "CBM 121 Extra"]
[Source "ChessBase"]
[SourceDate "2008.01.10"]
[SourceVersion "1"]
[SourceVersionDate "2008.01.10"]
[SourceQuality "1"]

1. e4 d6 2. d4 Nf6 3. Nc3 g6 4. f4 Bg7 5. Nf3 d5 6. e5 Ng4 7. h3 Nh6 8. g4 f5 9. exf6 exf6 10. Be3 0-0 11. Qd2 Nf7 12. 0-0-0 c6 13. Bd3 Nd6 14. Rdg1 Re8 15. h4 Qe7 16. Bf2 Ne4 17. Nxe4 dxe4 18. Re1 Qf7 19. Bxe4 Bxg4 20. Kb1 Rxe4 0-1